Top 25 Najlepsi Raperzy - Statystyki

Ogólne statystyki
  • Ten quiz został rozwiązany 15 razy
    12 od ostatniego zresetowania
  • Średni wynik to 6 z 25
Statystyki odpowiedzi
Hint Odpowiedź % Poprawnych
87 Kendrick Lamar
100%
84 The Notorious B.I.G.
45%
83 Pusha T
36%
88 A Tribe Called Quest
27%
86 Clipse
27%
83 Danny Brown
27%
83 Freddie Gibbs
27%
83 JID
27%
82 JPEGMAFIA
27%
89 Madlib
27%
86 MF DOOM
27%
84 Mobb Deep
27%
88 Nujabes
27%
86 OutKast
27%
87 Wu-Tang Clan
27%
83 Black Thought
18%
83 Common
18%
84 Death Grips
18%
87 J Dilla
18%
85 McKinley Dixon
18%
84 Danger Mouse
9%
83 Kenny Segal
9%
83 Lil Ugly Mane
9%
83 Run The Jewels
9%
84 The Roots
9%
Nie znaleziono quizów pasujących do podanych kryteriów
Rozkład punktacji
Procent ludzi z każdym wynikiem
Percentyl według liczby udzielonych odpowiedzi
Twoja historia wyników
Nie rozwiązałeś tego quizu od ostatniego zresetowania